01277nam a22003735b 4500001000600000003000900006005001700015007000300032008003400035017000900069020001500078040003000093082002800123100004200151245007000193250000600263264005800269300004100327336002900368337003500397338002900432490004500461590002600506600000600532650003800538650003800576650002700614650003500641700003200676910004100708942001200749952012500761999001700886 446 DO-SdBPM20251120093528.0ta950710s1992 sp a | | ||spa  a b  a8434211270 aDO-SdBPMbspacBPMSUerda 4a808.068bS194m 19922221 a Sánchez, Isidro eautor 4aut. d 10aMi gato / c Isidro Sánchez ; ilustraciones María Rius h  a  aBarcelona, España : bParramón Ediciones , c1992 a29 páginasbilustraciones ;c20 cm atexto btxt 2rdacontent asin mediación bn2rdamedia  avolumen bnc2rdacarrier0 aPrimera Biblioteca de los Niños.a v  aInventariado, 2025/VM 2  7aLibros y lectura para niñosv  7alibros ilustrados para niñosv  7aCuentos infantiles v  7aNo-violencia xEnseñanza.v 1 aRius, María eilustradora aVMateo V. Control de calidad. BPMSU  2ddccBK 00102ddc708CI-GaBPMETbBPMETd2025-11-20l0oBPMSU CGI 808.068 S194m 1992pBPMSU25110055r2025-11-20w2025-11-20yBK c15522d15522